MARC

LEADER 00000nab a2200000 a 4500
001 vtls009952306
003 SK-MaSNL
005 20260318121929.0
008 090922c2009 xo wr p 000 c0ukr
015 |a SNBRB2009/09 
038 |a SVKPOCL 
040 |a SVKPOCL  |b slo  |c SVKPOCL  |e AACR2 
041 0 |a ukr 
044 |a xo  |c SK 
080 |a 373.3.011.3-051  |2 2001 
080 |a 929 Pisáčková, Odarka  |2 2001 
080 |a 32-051  |2 2001 
080 |a 929 Octapčuk, Jacko  |2 2001 
100 1 |a Mušinka, Mikuláš,  |d 1936-2024  |4 aut  |9 99915 
245 1 0 |a Pomerla Darija Pysačkova  |c Mykola Mušynka. 
300 |b Fotogr. 
600 1 7 |a Pisáčková, Odarka,  |d 1914-2009  |x nekrológy  |2 svkpocl  |9 1588457 
600 1 7 |a Octapčuk, Jacko,  |d 1873-1959  |x biografie  |2 svkpocl  |9 1588458 
650 0 7 |a učitelia základných škôl  |2 svkpocl  |9 57114 
650 0 7 |a politici  |2 svkpocl  |9 2679 
651 7 |a Radvaň nad Laborcom (Slovensko)  |2 svkpocl  |9 51227 
651 7 |a Medzilaborce (Slovensko : okres)  |2 svkpocl  |9 29394 
651 7 |a Praha (Česko)  |x osobnosti  |2 svkpocl  |9 1039885 
651 7 |a Ukrajina  |2 svkpocl  |9 168045 
655 7 |a nekrológy  |2 svkpocl  |9 402542 
655 7 |a biografie  |2 svkpocl  |9 27965 
773 0 |t Nove žyttja  |g Roč. 59, č. 11-12 (2009), s. 6 
852 |a SVKPO  |b KIS3GCP 
958 |a UK 
958 |a SK 
958 |a BX 
958 |a CZ 
999 |c 3255486  |d 3257416